000
00301nam a2200109Ia 4500
008
230320s9999||||xx |||||||||||||| ||spa||
082
_a
384.54/C43
100
_a
Comunicación Radial Alternativa
245
0
_a
La Radio Popular En El Perú
260
_b
Comunicación Radial Alternativa
942
_8
0
_c
LIB
999
_c
37970
_d
37970